Paroles - Il se prénomme Aypierre - Titouan Sechepine (Mister MV) - Statistiques

Statistiques générales
  • Ce quiz a été pris 10 fois
  • Le résultat moyen est 117 sur 169
Statistiques - réponses
Réponse % Correct
a
100%
À
100%
à
100%
Aypierre
100%
il
100%
Il
100%
je
100%
prénomme
100%
se
100%
suis
100%
ça
88%
de
88%
en
88%
Et
88%
et
88%
ma
88%
mine
88%
Minecraft
88%
est
75%
foutu
75%
j'aime
75%
le
75%
Mais
75%
mais
75%
moi
75%
mon
75%
pas
75%
qui
75%
tue
75%
âgé
63%
au
63%
avec
63%
cul
63%
des
63%
fait
63%
j'suis
63%
mère
63%
n'est
63%
On
63%
on
63%
première
63%
sa
63%
Sur
63%
Trop
63%
vend
63%
vendu
63%
vraiment
63%
d'or
50%
50%
Eclypsia
50%
ficelle
50%
jeux
50%
l'amour
50%
les
50%
Même
50%
prépubères
50%
si
50%
s'il
50%
son
50%
Son
50%
spéciale
50%
string
50%
cher
38%
dans
38%
défendues
38%
devine
38%
fort
38%
histoires
38%
jeunes
38%
l'aiment
38%
morveux
38%
négocié
38%
Opé
38%
payent
38%
Paypal
38%
superflus
38%
tellement
38%
bourlinguer
25%
devient
25%
glamour
25%
hardcore
25%
Ibiza
25%
ingénus
25%
malentendu
25%
matador
25%
maternelles
25%
milliardaire
25%
polygame
25%
pratiques
25%
prend
25%
sans
25%
SOLO
25%
Vietnam
25%
Aucun quiz correspondant
Distribution des résultats
% des personnes avec chaque résultat
Percentile par nombre de réponses
Votre historique - résultats
Vous n’avez pas pris ce quiz